Cây đậu tương

Sparad:
Bibliografiska uppgifter
Huvudupphovsman: Phạm Văn Thiều
Materialtyp: Bok
Språk:Undetermined
Publicerad: Hà Nội Nông Nghiệp 1999
Ämnen:
Taggar: Lägg till en tagg
Inga taggar, Lägg till första taggen!
Thư viện lưu trữ: Trung tâm Học liệu Trường Đại học Cần Thơ
LEADER 00545nam a2200193Ia 4500
001 CTU_35353
008 210402s9999 xx 000 0 und d
082 |a 633.34 
082 |b Th309 
100 |a Phạm Văn Thiều 
245 0 |a Cây đậu tương 
245 0 |c Phạm Văn Thiều 
260 |a Hà Nội 
260 |b Nông Nghiệp 
260 |c 1999 
526 |a Cây công nghiệp ngắn ngày 
526 |b NN363 
650 |a field crop,soybean 
980 |a Trung tâm Học liệu Trường Đại học Cần Thơ